MDQL
is popping MORE tags! Check the
thread
!
Quizzes
Events
Quiz Creation
Community
Videos
Private Events
Remove Ads
Sign In
Join for FREE
Feedback
Dark Mode
Quiz Categories
Sports
Geography
Music
Movies
Television
Just For Fun
Miscellaneous
History
Literature
Language
Science
Gaming
Entertainment
Religion
Holiday
For Kids
Quiz Lab
Recent
Popular Today
Quiz Kudos Today
Editor Picks
Curator Picks
Quizzes by...
Day
Popularity
Type
Ratings
Length
Year
Community
Subscriptions
Recent Discussions
Orange Saloon
Badges
Playlists
Quests
Create
Leaderboards
Showdown
Live 5
Trivia Bingo
Activity
Puzzle Library
Sporcle Events
Private Events
Virtual Trivia
Globe League
Become a Host
Pub Owners
SporcleCon
Opinionation
Our Games
Videos
Blog
Mobile Apps
Partnerships
Remove Ads and Go Orange
Feedback
Sports
Athletes
MLB
NBA
NHL
NFL
Soccer
Sports Teams
WWE
NCAA
Football
Premier League
Basketball
Baseball
Hockey
Golf
Tennis
Cricket
Rugby
Auto Racing
Olympics
World Cup
Sports
Athletes
MLB
NBA
NHL
NFL
Soccer
Sports Teams
WWE
NCAA
Football
Premier League
Basketball
Baseball
Hockey
Golf
Tennis
Cricket
Rugby
Auto Racing
Olympics
World Cup
Random Quiz
Search Sporcle
×
Quiz Lab
Quiz Lab
Sports
Football
Type in answers that appear in a list
Type in answers that appear in a list
Classic
Best Score? Go Orange.
National Championship QBs Stats
Can you name the Starting QBs of College Football National Championship Teams since 1983?
By
slicky
8m
43 Questions
3,084 Plays
3,084 Plays
3,084 Plays
Comments
Comments
Give Quiz Kudos
Give Quiz Kudos
-
- Ratings
hide this ad
Replay
Link that replays current quiz
Next Quiz
Link to next quiz in quiz playlist
You Got
0%
They Got
Avg Score
36%
Avg Friend Score
Upgrade to see
Score Distribution
Jump to the score distribution portion of the page
Score
0/43
Timer
08:00
0
Plays Today
Year
Player
% Correct
2008
Tim Tebow
89.7%
2005
Vince Young
87.4%
2021
Stetson Bennett
86.5%
2010
Cam Newton
83.9%
2018
Trevor Lawrence
82.9%
2019
Joe Burrow
82.3%
2013
Jameis Winston
80.6%
2016
Deshaun Watson
79.9%
2020
Mac Jones
79.3%
2003 (AP)
Matt Leinart
78.7%
2004
Matt Leinart
78.7%
2017
Jalen Hurts
73.4%
2014
Cardale Jones
70.9%
2012
AJ McCarron
67.8%
2011
AJ McCarron
67.8%
2006
Chris Leak
60.4%
1999
Chris Weinke
55.1%
2001
Ken Dorsey
54.1%
1993
Charlie Ward
48.1%
1998
Tee Martin
45.1%
1996
Danny Wuerffel
44.4%
2009
Greg McElroy
43.9%
Year
Player
% Correct
1994
Tommie Frazier
43.1%
1995
Tommie Frazier
42.9%
2007
Matt Flynn
42.9%
1983
Bernie Kosar
40.7%
2002
Craig Krenzel
38.9%
2000
Josh Heupel
38.4%
2015
Jake Coker
36.6%
1991 (AP)
Gino Torretta
36.5%
1990 (Coaches)
Shawn Jones
36.4%
1997 (AP)
Brian Griese
36.2%
1997 (Coaches)
Scott Frost
27%
1987
Steve Walsh
22.7%
2003 (BCS)
Matt Mauck
22.4%
1988
Tony Rice
21.4%
1991 (Coaches)
Billy Joe Hobert
14.7%
1989
Craig Erickson
13.9%
1984
Robbie Bosco
13.8%
1985
Jamelle Holieway
13.6%
1992
Jay Barker
13.6%
1990 (AP)
Darian Hagan
8.4%
1986
John Shaffer
3.5%
Quiz Playlist
Details
Report
Send in Message
Add To Playlist
Classic:
Type in answers that appear in a list
Last Updated: Jun 29, 2022
Quiz Scoreboard
CHALLENGE
Sign Up to Join the Scoreboard
Show All
Scores
Hide
Comments
May contain spoilers
Recently Published
1-10 Letter E Words III
by El_Dandy
Language
2m
Street Fighter Characters
by Artimus82
Gaming
60s
College Basketball Coaching Resumes
by pancakes188
Sports
9m
More to Explore
Quiz From the Vault
Featured Blog Post
Where Did the Easter Bunny Come From?
hide this ad
You Might Also Like...
Tags
College Quiz
Football Quiz
1980
Championship
national
National Championship
NCAA Football
Player
Quarterbacks
school
Starting
team
Today's Top Quizzes in Sports
Browse Sports
hide this ad
Today's Top Quizzes in Football
Browse Football
Top Contributed Quizzes in Sports
1
2022 World Cup Stars
2
Les meilleurs buteurs des matchs entre le PSG et l’OM
3
FIFA Club World Cup Champions
4
Les entraîneurs de l'OM et du PSG au 21e siècle
5
Criteria MLB: Left Handed Sluggers
6
2023 MLB Unique Player Accomplishments
7
AFC Teams Reveal (Wrong Answers Minefield)
8
Players with Multiple 50 Home Run Seasons
9
5-to-1: FBS Animal Nicknames
10
5-to-1: UK Sports Teams
Explore More
Trending Topics
Crossword
Disney
Marvel
NBA
Anime
Kpop
Harry Potter
Song
NFL
Country
Soccer
WWE
Puzzle
Pokémon
The Office
hide this ad
More By:
slicky
Quiz
Plays
Rating
Category
Featured
Created
MLB 2000-2009
42,791
4.59
Sports
Mar 12, 2013
MLB 1970-1979
5,703
4.76
Sports
Mar 15, 2013
MLB 1990-1999
5,496
4.64
Sports
Mar 13, 2013
MLB 1960-1969
5,014
4.73
Sports
Mar 19, 2013
MLB 1980-1989
4,991
4.74
Sports
Mar 15, 2013
Go to Creator's Profile
Score Distribution
Quiz Creator Spotlight
slicky
Follow
Send a Message
Quizzes Created
-
Created Quiz Play Count
-
More By This Creator
Popular Quizzes Today
1
Find the US States - No Outlines Minefield
2
Find the Countries of Europe - No Outlines Minefield
3
The Countries of the World
4
Find the US States
5
Risky Map Clicking: Biggest States A-Z
6
US States
7
Popular People in 1961
8
Movies - When Are They Set?
More Sports Quizzes
Top 5 Playoff Goal Scorers in NHL History
Published
Trending Quizzes
Risky Map Clicking: Least Populous States A-Z
Billboard Blitz: Aretha Franklin
Famous Russians: Author or Composer?
Countries of the World: 200 Million BC
1-10 Letter G Words
Recently Updated
Leaping Animals
pecheneg
Reality TV Shows (A-Z)
bhenderson79
Rickey Henderson's Hall of Fame Teammates
pecheneg
Champions League XIs: Arsenal
pecheneg
Quick Pick: Celebrities in WWE's Hall of Fame
aduchscher
A-Z Keypad Blitz II
pecheneg
Multiple Oscar Actors
pecheneg
Mystery Phrase Blitz: Oscar 'Best Actors'
pecheneg
F. Scott Fitzgerald Novels
LTH
Pick 3 Villains
ddd62291
Trending Topics
Harry Potter
Crossword
Kpop
Anime
Marvel
Disney
NBA
The Office
NFL
Pokémon
Puzzle
Song
Country
WWE
Soccer
Your Account Isn't Verified!
In order to create a playlist on Sporcle, you need to verify the email address you used during registration. Go to your
Sporcle Settings
to finish the process.
Report this User
Report this user for behavior that violates our
Community Guidelines
.
Details:
Send Report
Go to the Sporcle.com Mobile Site →
Comments